000 00227nam a2200097Ia 4500
008 190216s9999||||xx |||||||||||||| ||und||
100 _aHarekrishna Methab
245 0 _aMalayalam-Prathibha
260 _bNbs Kottayam
942 _cBK
999 _c30313
_d30313